okręg 9 ŁÓDŹ do Sejmu - Statystyki

Ogólne statystyki
  • Ten quiz został rozwiązany 14 razy
  • Średni wynik to 6 z 17
Statystyki odpowiedzi
liczba głosów wybory partia odpowiedź % Poprawnych
145 637 2001 SLD Leszek Miller
69%
47 648 2019 KO Tomasz Zimoch
62%
43 626 2019 PiS Piotr Gliński
46%
41 697 2015 PiS Piotr Gliński
46%
40 811 2019 SLD Tomasz Trela
46%
50 114 2019 PiS Waldemar Buda
46%
44 610 2007 PO Cezary Grabarczyk
31%
26 591 2015 PO Cezary Grabarczyk
31%
28 516 2007 PO Iwona Śledzińska Katarasińska
31%
33 835 2007 PO Joanna Skrzydlewska
23%
29 832 2011 PO John Godson
23%
68 814 2011 PO Krzysztof Kwiatkowski
23%
41 171 2007 PiS Joanna Kluzik Rostkowska
15%
25 663 2019 KO Krzysztof Piątkowski
15%
44 404 2007 PO Mirosław Drzewiecki
15%
36 854 2011 PiS Witold Waszczykowski
15%
51 865 2007 SLD Wojciech Olejniczak
15%
Nie znaleziono quizów pasujących do podanych kryteriów
Rozkład punktacji
Procent ludzi z każdym wynikiem
Percentyl według liczby udzielonych odpowiedzi
Twoja historia wyników
Nie rozwiązałeś tego quizu